00483nam a2200157Ia 4500020002100000082001700021100001700038245004500055260005300100300001300153504003600166650002700202650003400229650003000263650003200293 a590a81-215-051-9 a491.43 GUR-; aGurtu, Madhu 0aAnaphoric relations in hindi and english aNew DelhibMunshiram Manoharlal Publishersc1992 ax, 119p. aincludes bibliography and index aAnaphora (Linguistics) aCross-reference (Linguistics) aHindi language - Anaphora aEnglish language - Anaphora